| 000 | 00486nab a2200145Ia 4500 | ||
|---|---|---|---|
| 003 | ES-SlBCS | ||
| 005 | 20210601124324.0 | ||
| 008 | 140529s1993 xxu||||| |||| 00| 0 eng d | ||
| 041 | _aeng | ||
| 100 | 1 |
_aSullivan, B. Todd _9139717 |
|
| 245 | 0 | 0 |
_aEconomic Ends and Educational Means at the White House: A Case for Citizenship and Casuistry _c B. Todd Sullivan |
| 650 | 0 | 4 |
_aEducación _986687 |
| 773 | 0 |
_tEducational Theory _gvol. 43, nº. 2, 1993, págs. 161-180 _wRev1399 |
|
| 942 | _cAR | ||
| 999 |
_c512925 _d512925 |
||